|
|
|
|
| LEADER |
00000nam2a2200000 4500 |
| 001 |
26952 |
| 005 |
20231030201903.0 |
| 010 |
|
|
|a 9965487642
|
| 035 |
|
|
|a (RuTPU)RU\TPU\book\27197
|
| 035 |
|
|
|a BOOK00027272
|
| 090 |
|
|
|a 26952
|
| 100 |
|
|
|a 20011209d2001 k y0rusy50 ca
|
| 101 |
0 |
|
|a rus
|
| 102 |
|
|
|a KZ
|
| 105 |
|
|
|a y z 110zy
|
| 200 |
0 |
|
|a Ч. 3
|
| 210 |
|
|
|d 2001
|
| 215 |
|
|
|a 832 с.
|
| 461 |
|
1 |
|0 (RuTPU)RU\TPU\book\236079
|t Молодые ученые - 10-летию независимости Казахстана
|o труды международной конференции, Алматы, 2001 г.
|o в 4 ч.
|f Казахский национальный технический университет им. К. И. Сатпаева (КазНТУ)
|v Ч. 3
|d 2001
|
| 610 |
1 |
|
|a инженерное дело
|
| 610 |
1 |
|
|a научно-технические исследования
|
| 610 |
1 |
|
|a промышленные производства
|
| 610 |
1 |
|
|a эффективность
|
| 610 |
1 |
|
|a новые технологии
|
| 610 |
1 |
|
|a внедрение
|
| 610 |
1 |
|
|a Центральная Азия
|
| 610 |
1 |
|
|a Казахстан
|
| 610 |
1 |
|
|a экономика
|
| 610 |
1 |
|
|a реструктуризация
|
| 610 |
1 |
|
|a финансовая деятельность
|
| 610 |
1 |
|
|a инвестиционная деятельность
|
| 610 |
1 |
|
|a риски
|
| 610 |
1 |
|
|a информатика
|
| 610 |
1 |
|
|a технологические процессы
|
| 610 |
1 |
|
|a молодые ученые
|
| 610 |
1 |
|
|a конференции
|
| 675 |
|
|
|a 62.001.5(063)
|v 3
|
| 801 |
|
0 |
|a RU
|b 63413507
|c 20011209
|g PSBO
|
| 801 |
|
2 |
|a RU
|b 63413507
|c 20120521
|g PSBO
|
| 942 |
|
|
|c BK
|